|
|
|
|
| LEADER |
00000nam a2200000 a 4500 |
| 001 |
vtls001339830 |
| 003 |
SK-MaSNL |
| 005 |
20260301070109.0 |
| 008 |
210928s1988 xx 0 und |
| 035 |
|
|
|a SNK000292908
|
| 040 |
|
|
|a SNK
|b slo
|c SNK
|e AACR2
|
| 100 |
1 |
|
|a Kissová, Magdaléna
|4 aut
|9 237054
|
| 245 |
1 |
|
|a Odborné kreslení pro 1. ročník středních odborných učilišť
|
| 260 |
|
|
|a Praha
|b Státní nakladatelství technické literatury
|c 1988
|
| 300 |
|
|
|a 83 s.
|
| 958 |
|
|
|a OND
|
| 999 |
|
|
|c 633113
|d 635043
|
| 952 |
|
|
|a SNK
|b SNK
|y PREZ
|7 0
|p 17A0833308
|o snkSB 43709
|0 0
|1 0
|4 0
|d 2012-07-12
|l 0
|r 2025-05-09 00:00:00
|w 2026-02-23
|
| 952 |
|
|
|t P60, <04>, [BOOK], {604}
|a SNK
|b SNK
|y VYP
|7 0
|p 17A0155206
|o snkSB 43709 D1
|0 0
|1 0
|4 0
|d 1998-08-19
|l 0
|r 2005-01-02 00:00:00
|w 2026-02-23
|